[Event "4NCL 3 South pool A"]
[Site "Reading, ENG"]
[Date "2017.11.11"]
[Round "1.11"]
[White "Willmoth, Robert F"]
[Black "Fletcher, John"]
[Result "1-0"]
[WhiteElo "2267"]
[BlackElo "1959"]
[PlyCount "53"]
[EventDate "2017.11.11"]
[WhiteTeam "Barnet Knights 1"]
[BlackTeam "The Full Ponty"]

1. d4 Nf6 2. Nf3 e6 3. c4 d5 4. g3 Be7 5. Bg2 O-O 6. O-O c6 7. b3 Nbd7 8. Nc3
b6 9. Bb2 Ba6 10. Nd2 Rc8 11. Re1 Bb4 12. a3 Bxc3 13. Bxc3 c5 14. dxc5 bxc5 15.
cxd5 exd5 16. Bb2 d4 17. b4 Qb6 18. Nb3 Bc4 19. Nxc5 Nxc5 20. Bxd4 Rfd8 21.
bxc5 Qa5 22. e3 Rxc5 23. Bxc5 Rxd1 24. Rexd1 h6 25. Bd4 Bd5 26. Bxf6 Bxg2 27.
Bd8 1-0

[Event "4NCL 3 South pool A"]
[Site "Reading, ENG"]
[Date "2017.11.11"]
[Round "1.12"]
[White "Waterfield, John W"]
[Black "Brozel, Sacha"]
[Result "0-1"]
[WhiteElo "1947"]
[BlackElo "2162"]
[PlyCount "46"]
[EventDate "2017.11.11"]
[WhiteTeam "The Full Ponty"]
[BlackTeam "Barnet Knights 1"]

1. e4 e6 2. d4 d5 3. Nd2 Be7 4. Ngf3 Nf6 5. Bd3 c5 6. c3 cxd4 7. cxd4 dxe4 8.
Nxe4 Nc6 9. O-O O-O 10. Nc3 b6 11. a3 Bb7 12. Bc2 Rc8 13. Qd3 Qd6 14. Bg5 g6
15. Rad1 Rfd8 16. Bb3 Qb8 17. Rfe1 Ng4 18. Ne4 Nxd4 19. Bxe7 Nxf3+ 20. Qxf3
Qxh2+ 21. Kf1 Ba6+ 22. Bc4 Rxd1 23. Qxd1 Bxc4+ 0-1

[Event "4NCL 3 South pool A"]
[Site "Reading, ENG"]
[Date "2017.11.11"]
[Round "1.13"]
[White "Villiers, Thomas"]
[Black "Adams, Mark"]
[Result "1/2-1/2"]
[WhiteElo "2222"]
[BlackElo "1925"]
[PlyCount "85"]
[EventDate "2017.11.11"]
[WhiteTeam "Barnet Knights 1"]
[BlackTeam "The Full Ponty"]

1. e4 c5 2. Nc3 a6 3. f4 b5 4. Nf3 Bb7 5. d3 e6 6. Qe2 Nc6 7. Be3 Nf6 8. g3 d5
9. exd5 Nxd5 10. Nxd5 Qxd5 11. Bg2 Qd7 12. O-O Be7 13. Qf2 Rc8 14. Bxc5 Bxc5
15. Qxc5 Ne7 16. Qf2 Bxf3 17. Bxf3 O-O 18. d4 Rfd8 19. Rfd1 b4 20. a3 a5 21.
axb4 axb4 22. Rac1 Rc4 23. c3 bxc3 24. bxc3 Rdc8 25. Qe3 h6 26. Rc2 Qc7 27.
Rdc1 Nf5 28. Qf2 Nxd4 29. Be2 Nxe2+ 30. Qxe2 Qc6 31. Qg2 Qb6+ 32. Qf2 Qc6 33.
Qe3 Qc7 34. Kg2 Qa5 35. Qd3 Qc7 36. Qf3 Qc5 37. Qb7 Qe3 38. h3 R8c7 39. Qf3 Qc5
40. h4 Rc8 41. Kh3 Qf5+ 42. Kg2 Rd8 43. Re2 1/2-1/2

[Event "4NCL 3 South pool A"]
[Site "Reading, ENG"]
[Date "2017.11.11"]
[Round "1.14"]
[White "Hughes, Anthony"]
[Black "Rocco, Federico"]
[Result "0-1"]
[WhiteElo "1827"]
[BlackElo "2140"]
[PlyCount "126"]
[EventDate "2017.11.11"]
[WhiteTeam "The Full Ponty"]
[BlackTeam "Barnet Knights 1"]

1. c4 e5 2. g3 h5 3. Bg2 h4 4. d4 exd4 5. Qxd4 Nc6 6. Qd3 Nf6 7. Bg5 hxg3 8.
hxg3 Rxh1 9. Bxh1 Bc5 10. Bxc6 bxc6 11. Nf3 Qe7 12. Nbd2 d5 13. Nd4 Bd7 14.
O-O-O Rd8 15. Rh1 Qe5 16. N4f3 Qf5 17. e4 dxe4 18. Nxe4 Nxe4 19. Rh8+ Bf8 20.
Bxd8 f6 21. Bxc7 Kf7 22. Bb8 Bc5 23. Rd8 Be6 24. Nd4 Qxf2 25. Qxe4 Qf1+ 26. Kd2
Bb4+ 27. Ke3 Qg1+ 28. Kf3 Qh1+ 29. Ke3 Bd2+ 30. Kd3 Bxc4+ 31. Kxc4 Qxe4 32.
Bxa7 Be3 33. Rd7+ Kg6 34. b3 Bxd4 35. Rxd4 Qc2+ 36. Kb4 Qxa2 37. Bb8 c5+ 38.
Kxc5 Qxb3 39. Bd6 Kf7 40. Rb4 Qe3+ 41. Kd5 Qf3+ 42. Kc5 Ke6 43. Bf4 Qd5+ 44.
Kb6 g5 45. Bc7 Kd7 46. Bb8 Qc6+ 47. Ka7 Qc5+ 48. Rb6 f5 49. Ka6 Qa3+ 50. Kb7
Qf3+ 51. Ka6 Kc8 52. Kb5 f4 53. gxf4 gxf4 54. Bxf4 Qxf4 55. Rc6+ Kd7 56. Rb6
Qe5+ 57. Ka6 Kc8 58. Rb5 Qe2 59. Ka5 Kc7 60. Kb4 Kc6 61. Rc5+ Kb6 62. Rc4 Qb2+
63. Ka4 Qb5+ 0-1

[Event "4NCL 3 South pool A"]
[Site "Reading, ENG"]
[Date "2017.11.11"]
[Round "1.15"]
[White "Orgler, Philipp"]
[Black "Dixon, Chris"]
[Result "1-0"]
[WhiteElo "2162"]
[BlackElo "1814"]
[PlyCount "101"]
[EventDate "2017.11.11"]
[WhiteTeam "Barnet Knights 1"]
[BlackTeam "The Full Ponty"]

1. d4 Nf6 2. Nc3 g6 3. e4 d6 4. f3 Bg7 5. Be3 e6 6. Qd2 O-O 7. Nge2 b5 8. g4
Nbd7 9. Bh6 b4 10. Nd1 c5 11. Bxg7 Kxg7 12. g5 Nh5 13. Ng3 Nxg3 14. hxg3 e5 15.
d5 a5 16. Bb5 Rb8 17. Bxd7 Bxd7 18. g4 Qe7 19. Ne3 Rh8 20. O-O-O a4 21. Rh6 Kg8
22. Rdh1 Qxg5 23. Nc4 Qxd2+ 24. Kxd2 Rd8 25. Nxd6 Bxg4 26. Nxf7 Kxf7 27. fxg4
Kg7 28. Kd3 Rdf8 29. Kc4 Rf4 30. Kxc5 Rxe4 31. g5 Re2 32. R6h2 Re4 33. Kd6 Rg4
34. Rh4 Rxg5 35. Rxb4 e4 36. Rb7+ Kf6 37. Rhxh7 Rd8+ 38. Rhd7 Rxd7+ 39. Rxd7
Re5 40. Rh7 e3 41. Rh1 Re8 42. c4 Rb8 43. c5 Rxb2 44. c6 Rxa2 45. Rc1 e2 46. c7
Rc2 47. Re1 a3 48. Kd7 a2 49. d6 Rd2 50. c8=Q a1=Q 51. Qh8+ 1-0

[Event "4NCL 3 South pool A"]
[Site "Reading, ENG"]
[Date "2017.11.11"]
[Round "1.21"]
[White "Tozer, Philip A A"]
[Black "Rich, Mark C"]
[Result "1/2-1/2"]
[WhiteElo "2132"]
[BlackElo "2067"]
[PlyCount "42"]
[EventDate "2017.11.11"]
[WhiteTeam "Anglian Avengers 2"]
[BlackTeam "Cambridge University 2"]

1. c4 f5 2. g3 Nf6 3. Nf3 d6 4. Nc3 e6 5. Bg2 Be7 6. O-O O-O 7. d3 Nc6 8. Rb1
Qe8 9. b4 Qh5 10. a4 a5 11. b5 Nd8 12. Qc2 Nf7 13. Ba3 Ng4 14. h3 Nge5 15. Nd4
Ng5 16. h4 Ng4 17. Bc1 Nf7 18. Nf3 g5 19. hxg5 Bxg5 20. Re1 Bf6 21. e3 Bd7
1/2-1/2

[Event "4NCL 3 South pool A"]
[Site "Reading, ENG"]
[Date "2017.11.11"]
[Round "1.22"]
[White "Fulton, Anthony R"]
[Black "Cocks, Elliot"]
[Result "1-0"]
[WhiteElo "1997"]
[BlackElo "2112"]
[PlyCount "83"]
[EventDate "2017.11.11"]
[WhiteTeam "Cambridge University 2"]
[BlackTeam "Anglian Avengers 2"]

1. d4 Nf6 2. c4 b6 3. Nc3 Bb7 4. Qc2 d5 5. cxd5 Nxd5 6. e4 Nxc3 7. bxc3 e5 8.
d5 Bc5 9. Nf3 O-O 10. Bd3 c6 11. c4 Na6 12. a3 Rc8 13. O-O Bd6 14. Rd1 Nc5 15.
Bb2 Re8 16. Be2 Qf6 17. Ne1 Qg6 18. Bf3 cxd5 19. cxd5 Ba6 20. a4 Nd3 21. Qb1
Nxf2 22. Ba3 Nxd1 23. Qxd1 Bxa3 24. Rxa3 Qd6 25. Ra1 Qc5+ 26. Kh1 Qc4 27. h3
Red8 28. Bg4 Qf1+ 29. Kh2 Qf4+ 30. Kh1 Rc3 31. Nf3 Qxe4 32. Qd2 Rd3 33. Qg5
R3xd5 34. Qe7 Bb7 35. Nh4 Rd2 36. Rf1 Rf8 37. Rxf7 Rfd8 38. Rxg7+ Kh8 39. Bf5
Rd1+ 40. Kh2 Qf4+ 41. Rg3 Qh6 42. Qxe5+ 1-0

[Event "4NCL 3 South pool A"]
[Site "Reading, ENG"]
[Date "2017.11.11"]
[Round "1.23"]
[White "Myall, Ivan J"]
[Black "Chan, Nevil"]
[Result "1/2-1/2"]
[WhiteElo "2057"]
[BlackElo "2015"]
[PlyCount "114"]
[EventDate "2017.11.11"]
[WhiteTeam "Anglian Avengers 2"]
[BlackTeam "Cambridge University 2"]

1. e4 b6 2. d4 Bb7 3. Bd3 Nf6 4. Qe2 Nc6 5. c3 e5 6. d5 Ne7 7. Nf3 Ng6 8. g3 c6
9. c4 Bb4+ 10. Bd2 Bxd2+ 11. Nbxd2 c5 12. h4 h5 13. Ng5 d6 14. Nf1 Bc8 15. f3
Nf8 16. Ne3 g6 17. Bc2 Bd7 18. Qf2 N8h7 19. O-O-O Qe7 20. Nh3 O-O-O 21. Qd2
Rdf8 22. Nf2 Ne8 23. f4 f6 24. f5 g5 25. Rdg1 g4 26. b4 cxb4 27. Qxb4 Nc7 28.
Qa3 Kb7 29. c5 bxc5 30. Bd3 Rb8 31. Kd2 Ka8 32. Rb1 Rxb1 33. Rxb1 Rb8 34. Qa5
Rxb1 35. Bxb1 Bb5 36. a4 Ba6 37. Bd3 Bxd3 38. Nxd3 Nf8 39. Nc4 Kb8 40. Qc3 Na6
41. Na5 Qc7 42. Nc6+ Kb7 43. Nb2 Nb4 44. Nxb4 cxb4 45. Qxb4+ Qb6 46. Kc3 Nd7
47. Nd3 Qxb4+ 48. Kxb4 Kb6 49. a5+ Ka6 50. Ka4 Kb7 51. Kb5 a6+ 52. Kc4 Kc7 53.
Kc3 Kd8 54. Kd2 Ke7 55. Ke3 Kf7 56. Nb4 Nc5 57. Nc6 Ke8 1/2-1/2

[Event "4NCL 3 South pool A"]
[Site "Reading, ENG"]
[Date "2017.11.11"]
[Round "1.24"]
[White "O'shea, Colm"]
[Black "Lunn, Timothy"]
[Result "1/2-1/2"]
[WhiteElo "1832"]
[BlackElo "1982"]
[PlyCount "65"]
[EventDate "2017.11.11"]
[WhiteTeam "Cambridge University 2"]
[BlackTeam "Anglian Avengers 2"]

1. e4 c5 2. Nc3 Nc6 3. Bb5 Nd4 4. Bc4 a6 5. Nge2 b5 6. Bd5 Ra7 7. Nxd4 cxd4 8.
Ne2 e6 9. Bb3 Nf6 10. d3 Bc5 11. O-O h6 12. Ng3 h5 13. e5 Ng4 14. Qe2 Qh4 15.
h3 Bb7 16. Bf4 Be7 17. Ne4 Bxe4 18. Bg3 Qg5 19. Qxe4 Nh6 20. Qxd4 Ra8 21. a4 b4
22. Bc4 Nf5 23. Qf4 Nxg3 24. fxg3 O-O 25. d4 Qxf4 26. gxf4 a5 27. Be2 g6 28.
Bf3 Rac8 29. Be4 Rc4 30. Rfd1 Bh4 31. b3 Rc3 32. Bd3 Bg3 33. Rf1 1/2-1/2

[Event "4NCL 3 South pool A"]
[Site "Reading, ENG"]
[Date "2017.11.11"]
[Round "1.25"]
[White "Sheerin, Alex"]
[Black "Lim, Mark"]
[Result "1-0"]
[WhiteElo "1847"]
[BlackElo "1855"]
[PlyCount "53"]
[EventDate "2017.11.11"]
[WhiteTeam "Anglian Avengers 2"]
[BlackTeam "Cambridge University 2"]

1. e4 e6 2. d4 d5 3. Nc3 dxe4 4. Nxe4 Nd7 5. Nf3 Ngf6 6. Nxf6+ Nxf6 7. Bd3 c5
8. O-O cxd4 9. Nxd4 Bc5 10. Nb3 Bd6 11. Bg5 Qc7 12. h3 Bd7 13. Nd4 O-O-O 14.
Qf3 Be5 15. c3 Rdg8 16. Rfe1 Nd5 17. Bb5 f6 18. Bxd7+ Qxd7 19. Be3 h5 20. h4 g5
21. hxg5 Nxe3 22. Qxe3 Rxg5 23. Nf3 Rf5 24. Qxa7 Bb8 25. Qb6 e5 26. Rad1 Qg7
27. Qe6+ 1-0

[Event "4NCL 3 South pool A"]
[Site "Reading, ENG"]
[Date "2017.11.11"]
[Round "1.26"]
[White "Phillips, William"]
[Black "Woodcock, Keith D"]
[Result "1-0"]
[WhiteElo "1832"]
[BlackElo "1690"]
[PlyCount "69"]
[EventDate "2017.11.11"]
[WhiteTeam "Cambridge University 2"]
[BlackTeam "Anglian Avengers 2"]

1. d4 d5 2. Nf3 Nf6 3. c4 dxc4 4. Nc3 Bf5 5. e3 e6 6. Bxc4 c6 7. O-O Bd6 8. Bd3
Bxd3 9. Qxd3 Nbd7 10. e4 Bc7 11. Re1 Ne5 12. Nxe5 Bxe5 13. Rd1 Bc7 14. Bg5
Bxh2+ 15. Kh1 Bc7 16. e5 h6 17. Qh3 Ng4 18. Bxd8 Nxf2+ 19. Kh2 Nxh3 20. Bxc7
Ng5 21. Bd6 Kd7 22. a4 Rhd8 23. Re1 Ke8 24. Ne4 Nh7 25. Re3 b6 26. Rg3 g6 27.
Rc1 Rac8 28. Rb3 Kd7 29. Rf3 Ke8 30. Rcf1 Rd7 31. Ba3 Ng5 32. Nxg5 hxg5 33. Rh3
Kd8 34. Bd6 Rxd6 35. Rh8+ 1-0

[Event "4NCL 3 South pool A"]
[Site "Reading, ENG"]
[Date "2017.11.11"]
[Round "1.31"]
[White "Hall, John"]
[Black "Ralphs, Nigel"]
[Result "1/2-1/2"]
[WhiteElo "2252"]
[BlackElo "2031"]
[PlyCount "166"]
[EventDate "2017.11.11"]
[WhiteTeam "Leeds University Old Boys"]
[BlackTeam "Rhyfelwyr Essyllwg"]

1. e4 e5 2. Nf3 Nf6 3. d4 Nxe4 4. Bd3 d5 5. Nxe5 Nd7 6. Nxd7 Bxd7 7. O-O Bd6 8.
c4 c6 9. Nc3 Nxc3 10. bxc3 O-O 11. cxd5 cxd5 12. Qh5 g6 13. Qxd5 Qc7 14. Bh6
Rfe8 15. h4 Be6 16. Qg5 Be7 17. Qd2 Bxh4 18. Rab1 Rac8 19. Rfc1 Bf6 20. Bf4 Qe7
21. Re1 Qa3 22. Rxb7 Red8 23. Rc1 Bxd4 24. cxd4 Rxc1+ 25. Qxc1 Qxd3 26. Be5 Rc8
27. Qh6 Qd1+ 28. Kh2 Qh5+ 29. Qxh5 gxh5 30. Rxa7 h6 31. Kg3 Kh7 32. f3 Rc2 33.
Ra8 Rxa2 34. Rh8+ Kg6 35. Bf4 Ra5 36. Rxh6+ Kg7 37. Kh4 Rf5 38. Be3 Bd5 39.
Rxh5 Rxh5+ 40. Kxh5 Kf6 41. Kg4 Be6+ 42. Kf4 Bd5 43. Bd2 Bc4 44. Bb4 Bd5 45.
Bd6 Ke6 46. Be5 f6 47. Bc7 f5 48. g4 fxg4 49. fxg4 Bb3 50. Be5 Bc2 51. Kg5 Bd1
52. Bh8 Be2 53. Kh4 Bd3 54. Kh5 Be2 55. Kg5 Bd1 56. Kf4 Bc2 57. Ke3 Bg6 58. Be5
Bh7 59. Kd2 Kd5 60. Kc3 Be4 61. Kb4 Bd3 62. g5 Kc6 63. Bg7 Bg6 64. Bf6 Bf5 65.
Ka5 Bd3 66. Be5 Be4 67. Ka6 Bg6 68. Ka7 Be4 69. Kb8 Kd7 70. Bf6 Bd5 71. g6 Be4
72. g7 Bd5 73. Be5 Bg8 74. Kb7 Bd5+ 75. Kb6 Bg8 76. Kc5 Bf7 77. d5 Bg8 78. Bc3
Bf7 79. Kd4 Kd6 80. Bb4+ Kd7 81. Ke5 Bg8 82. d6 Kd8 83. Kf6 Kd7 1/2-1/2

[Event "4NCL 3 South pool A"]
[Site "Reading, ENG"]
[Date "2017.11.11"]
[Round "1.32"]
[White "Brown, Thomas"]
[Black "Mossong, Hubert"]
[Result "1-0"]
[WhiteElo "2060"]
[BlackElo "2132"]
[PlyCount "113"]
[EventDate "2017.11.11"]
[WhiteTeam "Rhyfelwyr Essyllwg"]
[BlackTeam "Leeds University Old Boys"]

1. d4 d6 2. c4 e5 3. d5 f5 4. e4 fxe4 5. Nc3 Nf6 6. Nge2 Bf5 7. Ng3 Bg6 8. Bg5
Nbd7 9. Ncxe4 Be7 10. Bxf6 gxf6 11. h4 O-O 12. h5 Bxe4 13. Qg4+ Kh8 14. Qxe4 f5
15. Nxf5 Nc5 16. Qc2 Bg5 17. Be2 Qf6 18. g4 a5 19. O-O Bf4 20. b3 Rg8 21. Kg2
Raf8 22. Ng3 Qg5 23. Rac1 Rg7 24. a3 a4 25. bxa4 Rgf7 26. Kh3 Bxg3 27. fxg3
Rxf1 28. Rxf1 Rxf1 29. Bxf1 Qf6 30. Qf5 Kg7 31. Be2 Qxf5 32. gxf5 Kf6 33. g4
Kg5 34. h6 Ne4 35. a5 Nc5 36. Kg3 Nb3 37. Bd3 Nc5 38. f6 Kxf6 39. Bxh7 Kg5 40.
Bc2 Kxh6 41. Kh4 e4 42. g5+ Kg6 43. Kg4 Nd3 44. Bxd3 exd3 45. Kf3 d2 46. Ke2
Kxg5 47. Kxd2 Kf4 48. Kd3 Ke5 49. Ke3 Kf5 50. Kd4 Kf4 51. a4 Kf5 52. Kc3 Ke4
53. Kb4 Kd4 54. Kb5 Kc3 55. a6 bxa6+ 56. Kxa6 Kxc4 57. Kb7 1-0

[Event "4NCL 3 South pool A"]
[Site "Reading, ENG"]
[Date "2017.11.11"]
[Round "1.33"]
[White "Pickard, Charles"]
[Black "Heaven, Pete"]
[Result "1-0"]
[WhiteElo "2185"]
[BlackElo "2005"]
[PlyCount "67"]
[EventDate "2017.11.11"]
[WhiteTeam "Leeds University Old Boys"]
[BlackTeam "Rhyfelwyr Essyllwg"]

1. Nf3 c5 2. c4 Nc6 3. g3 e5 4. Nc3 Nf6 5. Bg2 d6 6. O-O Be7 7. d3 h6 8. a3 O-O
9. e4 Be6 10. Nd5 Qd7 11. Nh4 Nd4 12. Be3 Nxd5 13. Bxd4 Nc7 14. Be3 Bxh4 15.
gxh4 Qe7 16. f4 exf4 17. Rxf4 Bd7 18. Qe1 Ne6 19. Rf3 Nd4 20. Bxd4 cxd4 21. Qf2
Qe5 22. Rf1 f6 23. Bh3 Bxh3 24. Rxh3 Rae8 25. Rf3 Qc5 26. Qg3 Kh8 27. R1f2 Re5
28. Rg2 Qc7 29. Qf2 Qb6 30. Rg6 Kh7 31. Rfg3 Rf7 32. Rg2 Qb3 33. Qf3 Ree7 34.
Qh5 1-0

[Event "4NCL 3 South pool A"]
[Site "Reading, ENG"]
[Date "2017.11.11"]
[Round "1.34"]
[White "Hewitt, William"]
[Black "Taylor, Mark V"]
[Result "1/2-1/2"]
[WhiteElo "2003"]
[BlackElo "1952"]
[PlyCount "39"]
[EventDate "2017.11.11"]
[WhiteTeam "Rhyfelwyr Essyllwg"]
[BlackTeam "Leeds University Old Boys"]

1. e4 c5 2. Nf3 e6 3. d4 cxd4 4. Nxd4 Nc6 5. Nc3 Qc7 6. Be2 a6 7. O-O Nf6 8.
Be3 b5 9. a3 Bb7 10. Nxc6 Bxc6 11. Qd3 Qb7 12. Bf3 d6 13. Rfe1 Be7 14. Bd4 O-O
15. Bxf6 Bxf6 16. Qxd6 Bxc3 17. bxc3 Rfd8 18. Qf4 Qe7 19. Qe3 Rac8 20. Be2
1/2-1/2

[Event "4NCL 3 South pool A"]
[Site "Reading, ENG"]
[Date "2017.11.11"]
[Round "1.35"]
[White "Clark, William G Bill"]
[Black "Trevelyan, John"]
[Result "0-1"]
[WhiteElo "1945"]
[BlackElo "2023"]
[PlyCount "128"]
[EventDate "2017.11.11"]
[WhiteTeam "Leeds University Old Boys"]
[BlackTeam "Rhyfelwyr Essyllwg"]

1. e4 Nc6 2. d3 e5 3. g3 d5 4. Nd2 Nf6 5. Bg2 Bc5 6. Ngf3 dxe4 7. dxe4 O-O 8.
O-O Be6 9. h3 Qe7 10. c3 Rad8 11. Qe2 h6 12. b4 Bb6 13. a4 a5 14. b5 Nb8 15.
Nc4 Bxc4 16. Qxc4 Nbd7 17. Nh4 Rfe8 18. Nf5 Qc5 19. Qb3 Qf8 20. Qc2 Bc5 21. Re1
Nb6 22. Bf1 Rd7 23. Qe2 Kh7 24. Qf3 Ng8 25. Ne3 Re6 26. Nd5 Red6 27. Ne3 Rf6
28. Qe2 Qd8 29. Qc2 g6 30. Be2 Rfd6 31. Kg2 h5 32. Ra2 h4 33. g4 f6 34. Qb3 Nh6
35. Bc4 Bxe3 36. Bxe3 Nxc4 37. Qxc4 b6 38. f4 Nf7 39. f5 gxf5 40. gxf5 Rd3 41.
Kh2 Nh6 42. Rg2 Qf8 43. Rg6 Rxe3 44. Rxe3 Rd2+ 45. Re2 Qc5 46. Qxc5 Rxe2+ 47.
Kg1 bxc5 48. Rxf6 Rxe4 49. Rc6 Nxf5 50. Rxc7+ Kg6 51. b6 Rxa4 52. Rxc5 e4 53.
Rb5 Ra1+ 54. Kf2 Ra2+ 55. Ke1 Nd6 56. b7 Nxb7 57. Rxb7 Kf5 58. Rf7+ Ke5 59. Rh7
a4 60. Rxh4 a3 61. Kd1 Rh2 62. Rh5+ Kf4 63. Ra5 a2 64. c4 a1=Q+ 0-1

[Event "4NCL 3 South pool A"]
[Site "Reading, ENG"]
[Date "2017.11.11"]
[Round "1.36"]
[White "Hatchett, Paul"]
[Black "Harvey, John"]
[Result "1-0"]
[WhiteElo "1970"]
[BlackElo "1765"]
[PlyCount "57"]
[EventDate "2017.11.11"]
[WhiteTeam "Rhyfelwyr Essyllwg"]
[BlackTeam "Leeds University Old Boys"]

1. e4 e6 2. d3 c5 3. g3 d5 4. Nd2 g6 5. Bg2 Bg7 6. Ngf3 Nc6 7. O-O Nge7 8. Nh4
O-O 9. f4 f5 10. e5 b6 11. a4 Bb7 12. c3 Qd7 13. g4 Rac8 14. gxf5 exf5 15. Nhf3
Nd8 16. d4 Ne6 17. Ng5 Nxg5 18. fxg5 cxd4 19. cxd4 Rc7 20. Nb1 Rfc8 21. Nc3 a6
22. Bf4 Rc4 23. Rf2 b5 24. axb5 axb5 25. Bf1 Rb4 26. Qd2 Qc6 27. Ra5 Ba6 28.
Na2 Qb6 29. Rxa6 1-0

[Event "4NCL 3 South pool A"]
[Site "Reading, ENG"]
[Date "2017.11.11"]
[Round "1.41"]
[White "Britton, Richard L"]
[Black "Pleasants, Allan J"]
[Result "1/2-1/2"]
[WhiteElo "2221"]
[BlackElo "2144"]
[PlyCount "92"]
[EventDate "2017.11.11"]
[WhiteTeam "Hackney"]
[BlackTeam "Wessex A"]

1. e4 g6 2. d4 Bg7 3. Nc3 c6 4. f4 d5 5. e5 Nh6 6. Be2 Qb6 7. Na4 Qc7 8. Be3 f6
9. Nf3 Bg4 10. O-O O-O 11. Nh4 Bxe2 12. Qxe2 f5 13. c4 e6 14. Nf3 Nd7 15. b3
Rae8 16. Bd2 Kh8 17. Bb4 Rg8 18. Bd6 Qd8 19. Nc5 Nxc5 20. dxc5 Nf7 21. Qe3 h6
22. h4 Bf8 23. Kf2 Be7 24. Rh1 Kh7 25. Rag1 Qa5 26. Qd2 Qa3 27. cxd5 exd5 28.
Qc2 Qb4 29. Qd2 Qxd2+ 30. Nxd2 Nd8 31. Nf3 Ne6 32. b4 Nxf4 33. Ke3 Ne6 34. g3
Bd8 35. Rb1 a6 36. a4 Rg7 37. b5 axb5 38. axb5 Rf7 39. Nd4 f4+ 40. gxf4 Nxd4
41. Kxd4 Rxf4+ 42. Kd3 Bxh4 43. bxc6 bxc6 44. Rb7+ Kg8 45. Ra1 Rf3+ 46. Kc2
Rf2+ 1/2-1/2

[Event "4NCL 3 South pool A"]
[Site "Reading, ENG"]
[Date "2017.11.11"]
[Round "1.42"]
[White "Wilson, Jaimie"]
[Black "Chin, Francis"]
[Result "1/2-1/2"]
[WhiteElo "2132"]
[BlackElo "2129"]
[PlyCount "64"]
[EventDate "2017.11.11"]
[WhiteTeam "Wessex A"]
[BlackTeam "Hackney"]

1. e4 e6 2. d4 d5 3. Nd2 c5 4. Ngf3 Nc6 5. exd5 exd5 6. Bb5 Bd6 7. O-O Nge7 8.
dxc5 Bxc5 9. Nb3 Bd6 10. Re1 O-O 11. Bd3 Bf5 12. Bg5 Qd7 13. c3 Rae8 14. Nbd4
Bg6 15. Qc2 Nxd4 16. Nxd4 Nc6 17. Bxg6 hxg6 18. Nf3 Qg4 19. Qd2 Qf5 20. Rad1
Ne5 21. Nxe5 Bxe5 22. Bh4 Bf4 23. Qd4 Re4 24. Rxe4 dxe4 25. Re1 Re8 26. Qxa7
Bd2 27. Re2 e3 28. fxe3 Qb1+ 29. Kf2 Qf5+ 30. Kg1 Qb1+ 31. Kf2 Qf5+ 32. Kg1
Qb1+ 1/2-1/2

[Event "4NCL 3 South pool A"]
[Site "Reading, ENG"]
[Date "2017.11.11"]
[Round "1.43"]
[White "Balloglu, Piro"]
[Black "Gill, Oliver"]
[Result "0-1"]
[WhiteElo "1996"]
[BlackElo "2127"]
[PlyCount "40"]
[EventDate "2017.11.11"]
[WhiteTeam "Hackney"]
[BlackTeam "Wessex A"]

1. e4 e5 2. Nf3 Nf6 3. Nc3 Bb4 4. Nxe5 O-O 5. Be2 Re8 6. Nf3 Bxc3 7. bxc3 Nxe4
8. O-O d5 9. Bb2 c5 10. d3 Nf6 11. Qd2 Nc6 12. Rfe1 Bg4 13. a4 Qa5 14. h3 Bh5
15. g4 Bg6 16. Nh4 Nd4 17. Nxg6 Rxe2 18. Qf4 hxg6 19. Kf1 Rxe1+ 20. Rxe1 Ne6
0-1

[Event "4NCL 3 South pool A"]
[Site "Reading, ENG"]
[Date "2017.11.11"]
[Round "1.44"]
[White "McDougall, William M"]
[Black "Conway, Paul Bernard"]
[Result "1-0"]
[WhiteElo "2046"]
[BlackElo "1895"]
[PlyCount "73"]
[EventDate "2017.11.11"]
[WhiteTeam "Wessex A"]
[BlackTeam "Hackney"]

1. d4 e6 2. Nf3 Nf6 3. c4 c5 4. g3 cxd4 5. Nxd4 a6 6. Bg2 Nc6 7. O-O Bc5 8. Nb3
Be7 9. Nc3 O-O 10. e4 d6 11. Qe2 Qc7 12. Be3 Ne5 13. Nd2 Neg4 14. Bf4 Bd7 15.
Rac1 Rac8 16. b3 Rfd8 17. c5 Bc6 18. Nc4 Ne5 19. cxd6 Bxd6 20. Nxd6 Qxd6 21.
Rfd1 Qb8 22. Nd5 Bb5 23. Qb2 Rxc1 24. Rxc1 Nd3 25. Nxf6+ gxf6 26. Qxf6 Nxf4 27.
gxf4 Be2 28. h4 Rd1+ 29. Rxd1 Bxd1 30. e5 Bc2 31. h5 b6 32. Kh2 a5 33. Qe7 a4
34. bxa4 Bxa4 35. Be4 Qf8 36. Bxh7+ Kg7 37. h6+ 1-0

[Event "4NCL 3 South pool A"]
[Site "Reading, ENG"]
[Date "2017.11.11"]
[Round "1.45"]
[White "Clancy, Martin J"]
[Black "Simons, Martin J"]
[Result "1/2-1/2"]
[WhiteElo "1835"]
[BlackElo "2019"]
[PlyCount "24"]
[EventDate "2017.11.11"]
[WhiteTeam "Hackney"]
[BlackTeam "Wessex A"]

1. e4 d5 2. exd5 Nf6 3. Nf3 Nxd5 4. d4 g6 5. c4 Nb6 6. h3 Bg7 7. Nc3 O-O 8. a4
a5 9. Bf4 c6 10. Rc1 N8d7 11. Be2 e5 12. dxe5 Qe7 1/2-1/2

[Event "4NCL 3 South pool A"]
[Site "Reading, ENG"]
[Date "2017.11.11"]
[Round "1.46"]
[White "Krawczuk, Michael J"]
[Black "Rosario, Paulo Rui Beijinho d"]
[Result "1/2-1/2"]
[WhiteElo "2042"]
[BlackElo "1828"]
[PlyCount "72"]
[EventDate "2017.11.11"]
[WhiteTeam "Wessex A"]
[BlackTeam "Hackney"]

1. e4 c5 2. Nf3 d6 3. c3 Nf6 4. Bd3 Nc6 5. h3 c4 6. Bc2 d5 7. exd5 Qxd5 8. O-O
g6 9. Re1 Bg7 10. Qe2 O-O 11. b3 b5 12. Na3 Be6 13. d3 cxd3 14. Bxd3 b4 15.
cxb4 Nd4 16. Nxd4 Qxd4 17. Nc2 Qd6 18. Be3 Nd5 19. Be4 Bxa1 20. Rxa1 Nc3 21.
Qf3 Nxe4 22. Qxe4 Bf5 23. Qc4 Bxc2 24. Qxc2 Qxb4 25. a3 Qb5 26. b4 Rac8 27. Qe4
Qd7 28. Bc5 a5 29. Qxe7 Qxe7 30. Bxe7 Rfe8 31. Bc5 Re2 32. Rc1 axb4 33. axb4
Rb2 34. Rc3 f6 35. Rd3 Rc2 36. Rd7 R2xc5 1/2-1/2